Statistiques concernant Intercommunalités du Gard

Cliquez ici pour prendre le quiz!

Statistiques générales

  • Ce quiz a été pris 24 fois
  • Le résultat moyen est 6 sur 14

Statistiques - réponses

Nombres de CommunesIntercommunalités% Correct
72Alès Agglomération
95%
39Nîmes Métropole
95%
34Communauté de communes Pays d'Uzès
75%
44Communauté d'agglomération du Gard rhodanien
55%
05Communauté de communes Beaucaire Terre d'Argence
45%
16Communauté de communes du Pont du Gard
45%
03Communauté de communes Terre de Camargue
40%
18Communauté de communes du Pays de Sommières
30%
05Communauté de communes de Petite Camargue
20%
34Communauté de communes du Piémont Cévenol
20%
15Communauté de communes Causses Aigoual Cévennes
15%
21Communauté de communes du Pays viganais
15%
23 (dont 01 dans l'Ardèche)Communauté de communes Cèze-Cévennes
10%
10Communauté de communes Rhôny Vistre Vidourle
10%

Distribution des résultats

Percentile par nombre de réponses

% des personnes avec chaque résultat

Votre développement - résultats

Vous n’avez pas pris ce quiz